Simulácia primárneho delenia ropy

Saved in:
Bibliographic Details
Main Author: Pavlík, Tomáš
Format: Book
Language:Slovak
Published: Bratislava STU FCHPT 2008
Online Access:View in OPAC
Tags: Add Tag
No Tags, Be the first to tag this record!

MARC

LEADER 00000nam a2200000 a 4500
005 20260127134254.0
008 080911 2008 xo 000 0 slo d
035 |a vtls009332986 
039 9 |y 200809111228  |z mschk03 
040 |a STUSCHK1  |b slo  |c STUSCHK1  |e AACR2 
100 1 |a Pavlík, Tomáš 
245 1 |a Simulácia primárneho delenia ropy 
260 |a Bratislava  |b STU FCHPT  |c 2008 
500 |a Obháj.: 26.8. 2008 
500 |a Zameranie: Chemické inžinierstvo 
500 |a Študijný odbor: 5.2.17 chemické inžinierstvo 
910 |a SCHK95 
999 |c 8413  |d 8413